00334nam a2200121Ia 4500008004100000041001200041082001600053100001700069245006200086260004100148300000800189650001500197221030s9999 xx 000 0 und d aEnglish a105.23bMan aD. P. Mandal 0aEngineering Mechanics Statics & Dynamicscby D. P. Mandal bS.K. Kataria & SonsaNew Delhic2002 a339 aMechanical